Statistiken für Alle Bahnhöfe im Bundesland Berlin

Klicken Sie hier um das Quiz zu spielen!

Allgemein

  • Dieses Quiz wurde 37 mal gespielt
  • Das Durchschnittsergebnis liegt bei 45 aus 133

Antwortstatistiken

VerkehrsverbundBahnhof% Korrekt
VBBBerlin Hauptbahnhof
94%
VBBBerlin-Spandau
84%
VBBBerlin-Gesundbrunnen
81%
VBBBerlin Westkreuz
81%
VBBBerlin Alexanderplatz
78%
VBBBerlin Ostbahnhof
78%
VBBBerlin Südkreuz
78%
VBBBerlin-Charlottenburg
75%
VBBBerlin Friedrichstraße
72%
VBBBerlin Ostkreuz
72%
VBBBerlin Zoologischer Garten
72%
VBBBerlin Potsdamer Platz
66%
VBBBerlin Tiergarten
66%
VBBBerlin-Wannsee
66%
VBBBerlin-Pankow
59%
VBBBerlin-Wedding
59%
VBBBerlin-Bellevue
56%
VBBBerlin-Neukölln
56%
VBBBerlin-Tempelhof
56%
VBBBerlin Warschauer Straße
56%
VBBBerlin Hackescher Markt
53%
VBBBerlin-Köpenick
53%
VBBBerlin-Lichtenberg
53%
VBBBerlin-Marzahn
53%
VBBBerlin Olympiastadion
53%
VBBBerlin-Grunewald
50%
VBBBerlin Hermannstraße
50%
VBBBerlin Jannowitzbrücke
50%
VBBBerlin-Jungfernheide
50%
VBBBerlin Savignyplatz
50%
VBBBerlin-Schöneberg
50%
VBBBerlin-Tegel
50%
VBBBerlin Brandenburger Tor
47%
VBBBerlin Treptower Park
47%
VBBBerlin Frankfurter Allee
44%
VBBBerlin Nordbahnhof
44%
VBBBerlin-Adlershof
41%
VBBBerlin Heidelberger Platz
41%
VBBBerlin Innsbrucker Platz
41%
VBBBerlin-Lichtenrade
41%
VBBBerlin-Rummelsburg
41%
VBBBerlin-Westend
41%
VBBBerlin-Zehlendorf
41%
VBBBerlin-Hohenschönhausen
38%
VBBBerlin Messe Nord/ICC
38%
VBBBerlin-Schöneweide
38%
VBBBerlin-Staaken
38%
VBBBerlin Westhafen
38%
VBBBerlin-Wittenau
38%
VBBBerlin Baumschulenweg
34%
VBBBerlin Bundesplatz
34%
VBBBerlin Heerstraße
34%
VBBBerlin-Lichterfelde Ost
34%
VBBBerlin Messe Süd
34%
VBBBerlin Mexikoplatz
34%
VBBBerlin-Plänterwald
34%
VBBBerlin Rathaus Steglitz
34%
VBBBerlin Sonnenallee
34%
VBBBerlin-Halensee
31%
VBBBerlin-Altglienicke
28%
VBBBerlin Beusselstraße
28%
VBBBerlin-Friedrichshagen
28%
VBBBerlin-Grünau
28%
VBBBerlin-Köllnische Heide
28%
VBBBerlin-Nikolasee
28%
VBBBerlin Oranienburger Straße
28%
VBBBerlin Schönhauser Allee
28%
VBBBerlin Storkower Straße
28%
VBBBerlin-Blankenburg
25%
VBBBerlin Bornholmer Straße
25%
VBBBerlin-Buch
25%
VBBBerlin-Hohenzollerndamm
25%
VBBBerlin-Karow
25%
VBBBerlin-Kaulsdorf
25%
VBBBerlin-Lichterfelde Süd
25%
VBBBerlin-Mahlsdorf
25%
VBBBerlin-Pichelsberg
25%
VBBBerlin Prenzlauer Allee
25%
VBBBerlin-Schlachtensee
25%
VBBBerlin-Wuhletal
25%
VBBBerlin-Biesdorf
22%
VBBBerlin Botanischer Garten
22%
VBBBerlin-Friedenau
22%
VBBBerlin-Frohnau
22%
VBBBerlin Greifswalder Straße
22%
VBBBerlin-Johannisthal
22%
VBBBerlin Julius-Leber-Brücke
22%
VBBBerlin-Karlshorst
22%
VBBBerlin Landsberger Allee
22%
VBBBerlin-Lankwitz
22%
VBBBerlin Nöldnerplatz
22%
VBBBerlin-Stresow
22%
VBBBerlin Yorckstraße
22%
VBBBerlin-Alt-Reinickendorf
19%
VBBBerlin Attilastraße
19%
VBBBerlin Feuerbachstraße
19%
VBBBerlin-Heiligensee
19%
VBBBerlin-Humboldthain
19%
VBBBerlin-Lichterfelde West
19%
VBBBerlin-Marienfelde
19%
VBBBerlin-Oberspree
19%
VBBBerlin Priesterweg
19%
VBBBerlin-Rahnsdorf
19%
VBBBerlin-Spindlersfeld
19%
VBBBerlin-Südende
19%
VBBBerlin-Waidmannslust
19%
VBBBerlin-Wuhlheide
19%
VBBBerlin Anhalter Bahnhof
16%
VBBBerlin Betriebsbahnhof Rummelsburg
16%
VBBBerlin Buckower Chaussee
16%
VBBBerlin-Friedrichsfelde Ost
16%
VBBBerlin Osdorfer Straße
16%
VBBBerlin-Pankow-Heinersdorf
16%
VBBBerlin-Schönholz
16%
VBBBerlin-Albrechtshof
13%
VBBBerlin Grünbergallee
13%
VBBBerlin-Hermsdorf
13%
VBBBerlin Hirschgarten
13%
VBBBerlin Karl-Bonhoeffer-Nervenklinik
13%
VBBBerlin Schichauweg
13%
VBBBerlin Sundgauer Straße
13%
VBBBerlin-Wartenberg
13%
VBBBerlin-Wilhelmshagen
13%
VBBBerlin-Wilhelmsruh
13%
VBBBerlin Wollankstraße
13%
VBBAhrensfelde
9%
VBBBerlin-Eichborndamm
9%
VBBBerlin Gehrenseestraße
9%
VBBBerlin Poelchaustraße
9%
VBBBerlin-Schulzendorf
9%
VBBBerlin-Springpfuhl
9%
VBBBerlin Mehrower Allee
6%
VBBBerlin Raoul-Wallenberg-Straße
6%

Verteilung der Resultate

Perzentil nach korrekt beantworteten Fragen

Anzahl Personen mit jedem Resultat

Ihre Resultats-Entwicklung

Sie haben dieses Quiz noch nicht gespielt